书目信息 |
| 题名: |
汇率预测与外汇干预研究
|
|
| 作者: | 谢赤 著 | |
| 分册: | ||
| 出版信息: | 北京 科学出版社 2013 |
|
| 页数: | 403页 | |
| 开本: | 24cm | |
| 丛书名: | ||
| 单 册: | ||
| 中图分类: | F830.7 | |
| 科图分类: | ||
| 主题词: | 汇率--经济预测--研究 , 汇率--行政干预--研究 , 汇率 , 经济预测 , 行政干预 | |
| 电子资源: | ||
| ISBN: | 978-7-03-036950-5 | |
| 000 | 00995nam0 2200277 450 | |
| 001 | 523 | |
| 005 | 20140909102518.12 | |
| 010 | @a978-7-03-036950-5@b精装@dCNY90.00 | |
| 100 | @a20130628d2013 em y0chiy50 ea | |
| 101 | 0 | @achi |
| 102 | @aCN@b110000 | |
| 105 | @ay z 000yy | |
| 106 | @ar | |
| 200 | 1 | @a汇率预测与外汇干预研究@AHui Lu^ Yu Ce Yu Wai Hui Gan Yu Yan Jiu@f谢赤等著@FXie Chi Deng Zhu |
| 210 | @a北京@c科学出版社@d2013 | |
| 215 | @a403页@d24cm | |
| 330 | @a本书广泛地探讨了跨学科的组合预测模型和前沿的非线性分析范式在汇率预测与外汇干预研究中的应用,深入解析了如何选择科学的方法准确描述汇率行为,提高汇率预测的精度与合理性,帮助度量与控制外汇市场风险,并据此合理利用外汇干预手段对市场进行调节。 | |
| 606 | 0 | @a汇率@x经济预测@x研究 |
| 606 | 0 | @a汇率@x行政干预@x研究 |
| 606 | 0 | @a汇率 |
| 606 | 0 | @a经济预测 |
| 606 | 0 | @a行政干预 |
| 690 | @aF830.7@v5 | |
| 701 | 0 | @a谢赤@AXie Chi@f(1963.7~)@4著 |
| 801 | 0 | @aCN@bTANGWEI@c20140603 |
| 905 | @b0839779-81@dF830.7@e269@f3 | |
| 汇率预测与外汇干预研究/谢赤等著.-北京:科学出版社,2013 |
| 403页;24cm |
| ISBN 978-7-03-036950-5(精装):CNY90.00 |
| 本书广泛地探讨了跨学科的组合预测模型和前沿的非线性分析范式在汇率预测与外汇干预研究中的应用,深入解析了如何选择科学的方法准确描述汇率行为,提高汇率预测的精度与合理性,帮助度量与控制外汇市场风险,并据此合理利用外汇干预手段对市场进行调节。 |
| ● |
| 相关链接 |
|
|
|
|
正题名:汇率预测与外汇干预研究
索取号:F830.7/269
 
预约/预借
| 序号 | 登录号 | 条形码 | 馆藏地/架位号 | 状态 | 备注 |
| 1 | 0839779 | 208397796 | 第一样本阅览室/ [索取号:F830.7/269] | 在馆 | |
| 2 | 0839780 | 208397803 | 第一借阅区/ [索取号:F830.7/269] | 在馆 | |
| 3 | 0839781 | 208397812 | 密集书库-海洋学院/ [索取号:F830.7/269] | 在馆 |